| 000 | 00553nam a22001817a 4500 | ||
|---|---|---|---|
| 003 | CEME | ||
| 005 | 20210628210131.0 | ||
| 008 | 210215b xxu||||| |||| 00| 0 eng d | ||
| 020 | _a81-7635-173-3 | ||
| 040 | _c. | ||
| 082 | _a005.133-VC++ SMI | ||
| 100 |
_aSmith, Curtis Amundsen, Michael _978231 |
||
| 245 | _aSams teach yourself database programming with visual basic 6.0 in 21 days | ||
| 260 |
_aNEW DEHLI _bTECHMEDIA _c1999 |
||
| 300 | _aXXI,882P | ||
| 650 |
_aDATABASE PROGRAMMING WITH VISUAL BASIC VISUAL BASIC 6.0 _978232 |
||
| 942 |
_cBK _2ddc |
||
| 999 |
_c583387 _d583387 |
||